| 000 | 00450nam a2200157Ia 4500 | ||
|---|---|---|---|
| 008 | 210716s2010 xx 000 0 und d | ||
| 020 | _a9780071067737 | ||
| 041 | _aeng | ||
| 082 | _a658.8 CHAK | ||
| 100 | _aChandrasekar, K S. | ||
| 245 |
_aMarketing management: text and cases. _bText and cases. |
||
| 250 | _a1 | ||
| 260 |
_aNew Delhi _bTata McGraw Hill Education Private Limited _c2010 |
||
| 300 | _axviii,538 | ||
| 650 | _aMarketing Management | ||
| 999 |
_c205938 _d205938 |
||